banner-ar

ثارت شهرزاد فى السرد العربى الحديث / (Record no. 41516)

MARC details
000 -الفاتح
حقل البيانات ثابتة الطول 00494nam a2200169Ia 4500
008 - عناصر البيانات ثابتة الطول - معلومات عامة
حقل البيانات ثابتة الطول 140319s9999 xx 000 0 ara d
040 ## - مصدر الفهرسة
وكالة الفهرسة الأصلية GCL /
وكالة النسخ GCL
082 04 - رقم تصنيف ديوى العشرى
رقم التصنيف 810.9023
رقم المادة م ث
100 1# - المدخل الرئيسى - إسم شخصى
الإسم الشخصى محسن جابر الموسوى
245 10 - بيان العنوان
العنوان ثارت شهرزاد فى السرد العربى الحديث /
بيان المسئوليه,etc محسن جابر الموسوى
300 ## - الوصف المادى
التعداد 282 ص
490 ## - بيان السلسلة
عنوان السلسلة
650 04 - المدخل الاضافى بالموضوع-مصطلح موضوعى
مصطلح موضوعي الادب العربى
650 04 - المدخل الاضافى بالموضوع-مصطلح موضوعى
مصطلح موضوعي السرد الادبى
942 ## - عناصر المدخل الإضافي( كوها)
مصدر التصنيف او مخطط الترفيف Dewey Decimal Classification
Koha [default] item type كتاب
Holdings
حالة التراجع حالة الفقد حالة تلف ليس للاعارة المكان المؤقت الموقع الحالى تاريخ الاكتساب اجمالي اﻻعارات رقم الطلب الباركود تاريخ اخر مشاهدة تاريخ تفعيل السعر نوع وعاء كوها
        مكتبة القاهرة الكبرى مكتبة القاهرة الكبرى 03/26/2014   810.9023\م ث 100288 03/26/2014 03/26/2014 كتاب
        مكتبة القاهرة الكبرى مكتبة القاهرة الكبرى 03/26/2014   810.9023\م ث 100289 03/26/2014 03/26/2014 كتاب
        مكتبة القاهرة الكبرى مكتبة القاهرة الكبرى 03/26/2014   810.9023\م ث 100290 03/26/2014 03/26/2014 كتاب

Powered By

EGPV